[Event "XXV OOM - Mistrzostwa Polski Juniorow Mlodszych - Chlopcy do lat 12"]
[Site "Sielpia"]
[Date "1899-12-30"]
[Round "7.18"]
[White "Jaskiewicz, Kacper"]
[Black "Borowik, Wojciech"]
[Result "1/2-1/2"]
[WhiteTitle "II"]
[BlackTitle "I"]
[WhiteElo "1372"]
[BlackElo "1556"]

1. d4 Nf6 2. c4 g6 3. Nc3 Bg7 4. e4 d6 5. Nf3 O-O 6. Be2 Nc6 7. O-O e5 8. dxe5
dxe5 9. Qxd8 Rxd8 10. Bg5 Re8 11. Nd5 Nxd5 12. cxd5 Nd4 13. Nxd4 exd4 14. f3 Bd7
15. Rac1 Rac8 16. Bd3 c5 17. dxc6 Bxc6 18. b3 h6 19. Bh4 g5 20. Bg3 Rcd8 21. h3
Kh8 22. Rfd1 h5 23. h4 g4 24. Rc5 Kg8 25. Rxh5 a6 26. Rc5 gxf3 27. gxf3 Re6 28.
Kf2 Bh6 29. Ke2 Rg6 30. Rg1 Be3 31. Bf2 Bh6 32. Rxg6+ fxg6 33. Bxa6 bxa6 34. Rxc6
d3+ 35. Kd1 Kh7 36. Rc3 a5 37. a3 Kg8 38. b4 axb4 39. axb4 Bg7 40. Rc4 Ra8 41.
Be3 Ra2 42. b5 Re2 43. Bd2 Rg2 44. Bg5 Rb2 45. Rc5 Bf8 46. Rd5 Rb3 47. b6 Bb4
48. b7 Rb1+ 49. Bc1 Be7 50. Rxd3 Rxb7 51. Bg5 Bc5 52. Ke2 Kf7 53. Rd2 Bf8 54.
Rc2 Bg7 55. Ke3 Rb3+ 56. Kf4 Rb7 57. Kg4 Rb1 58. Rg2 Rb3 59. Rh2 Rb1 60. Rg2 Rb3
61. Rg3 Rb5 62. f4 Rb4 63. Re3 Bd4 64. Re2 Rb1 65. e5 Ke6 66. Rg2 Rb4 67. Re2
Rb1 68. Rc2 Rg1+ 69. Kf3 Kf5 70. Rd2 Bc5 71. Rd7 Rf1+ 72. Ke2 Rh1 73. Rf7+ Ke4
74. Kd2 Bd4 75. Kc2 Rh2+ 76. Kb3 Kd3 77. Rc7 Rb2+ 78. Ka3 Rb6 79. Ka4 Bc3 80.
Bf6 Rb4+ 81. Ka3 Kc2 82. e6 Rb3+ 83. Ka4 Rb4+ 84. Ka5 Rc4+ 85. Kb6 Rxc7 86. Kxc7
Bxf6 87. Kd7 Bxh4 88. e7 Bxe7 89. Kxe7 Kd3 90. Kf6 Ke4 91. Kg5 Kf3 92. Kxg6 Kxf4
1/2-1/2

[Event "XXV OOM - Mistrzostwa Polski Juniorow Mlodszych - Chlopcy do lat 12"]
[Site "Sielpia"]
[Date "1899-12-30"]
[Round "7.19"]
[White "Sukiennik, Oliwier"]
[Black "Bochenek, Ryszard"]
[Result "0-1"]
[WhiteTitle "II+"]
[BlackTitle "II"]
[WhiteElo "1466"]
[BlackElo "1433"]

1. e4 e6 2. d3 d5 3. Nd2 c5 4. Ngf3 Nc6 5. g3 Nf6 6. Bg2 b6 7. O-O Be7 8. e5 Nd7
9. Re1 Qc7 10. Qe2 Bb7 11. Nf1 h6 12. a3 Nf8 13. c3 O-O-O 14. b4 Nd7 15. Bd2 Kb8
16. d4 c4 17. Reb1 g5 18. Ne1 h5 19. h3 Rdg8 20. a4 Bc8 21. Bc1 g4 22. h4 Rf8
23. Bf4 Rfg8 24. Nc2 Nf8 25. Na3 Qb7 26. Bxd5 exd5 27. e6+ Ka8 28. exf7 Rg7 29.
Nb5 Bd8 30. Nd6 Qd7 31. b5 Ne6 32. Qe3 Nxf4 33. Qxf4 Be7 34. Ne8 Rgh7 35. Nc7+
Kb7 36. bxc6+ Qxc6 37. Ne8 Rf8 38. Qe5 Rhxf7 39. a5 Rxe8 40. axb6 axb6 41. Qe2
Ref8 42. Qa2 Kc7 43. Ne3 Rxf2 44. Qa7+ Kd8 45. Rxb6 Qc7 46. Qa5 Qxg3+ 0-1

[Event "XXV OOM - Mistrzostwa Polski Juniorow Mlodszych - Chlopcy do lat 12"]
[Site "Sielpia"]
[Date "1899-12-30"]
[Round "7.20"]
[White "Wydmanski, Szymon"]
[Black "Ptaszynski, Szymon"]
[Result "1-0"]
[WhiteTitle "II"]
[BlackTitle "II"]
[WhiteElo "1319"]
[BlackElo "1444"]

1. e4 c5 2. Nf3 e6 3. d4 cxd4 4. Nxd4 a6 5. Bd3 Nf6 6. O-O d6 7. c4 Nc6 8. Nxc6
bxc6 9. Nc3 Be7 10. f4 O-O 11. e5 dxe5 12. fxe5 Qd4+ 13. Kh1 Qxe5 14. Qf3 Qc7
15. Bg5 e5 16. Bxf6 Bxf6 17. Qe4 Rd8 18. Qxh7+ Kf8 19. Ne4 Ke7 20. Nxf6 gxf6 21.
Bg6 Rf8 22. Qg7 Qd6 23. Rad1 Qe6 24. Bf5 Qxf5 25. Rxf5 Bxf5 26. Rf1 Rg8 27. Qh6
Rg6 28. Qe3 Bd7 29. Qc5+ Ke8 30. h3 Rb8 31. Rxf6 Rxf6 32. Qxe5+ 1-0

[Event "XXV OOM - Mistrzostwa Polski Juniorow Mlodszych - Chlopcy do lat 12"]
[Site "Sielpia"]
[Date "1899-12-30"]
[Round "7.21"]
[White "Wiszniewski, Szymon"]
[Black "Baszczynski, Gabriel"]
[Result "1-0"]
[WhiteTitle "II+"]
[BlackTitle "II+"]
[WhiteElo "1445"]
[BlackElo "1501"]

1. e4 e5 2. Nf3 Nf6 3. Bc4 Nxe4 4. Qe2 d5 5. Nxe5 Qe7 6. Bxd5 Nf6 7. Bxf7+ Kd8
8. Bb3 Be6 9. Bxe6 Qxe6 10. O-O Bd6 11. d4 Nbd7 12. Nc6+ bxc6 13. Qxe6 Re8 14.
Qc4 Ng4 15. Qxc6 Rb8 16. g3 Re6 17. Qd5 Ke7 18. Qg5+ Ngf6 19. Qxg7+ Ke8 20. Nc3
Bf8 21. Qg5 Kf7 22. b3 Be7 23. Qf5 Rg8 24. Bf4 h5 25. Nd5 h4 26. Nxe7 Rxe7 27.
Bg5 hxg3 28. fxg3 Rg6 29. Rae1 1-0

[Event "XXV OOM - Mistrzostwa Polski Juniorow Mlodszych - Chlopcy do lat 12"]
[Site "Sielpia"]
[Date "1899-12-30"]
[Round "7.22"]
[White "Kolendo, Kajetan"]
[Black "Wolski, Michal"]
[Result "1/2-1/2"]
[WhiteTitle "II"]
[BlackTitle "II"]
[WhiteElo "1197"]
[BlackElo "1448"]

1. e4 c6 2. d4 d5 3. Nc3 dxe4 4. Nxe4 Bf5 5. Ng3 Bg6 6. Nf3 Nd7 7. Bd3 Bxd3 8.
Qxd3 e6 9. O-O Ngf6 10. b3 Be7 11. Bb2 O-O 12. c4 Rc8 13. Qe2 Qc7 14. Rfd1 Rfd8
15. Ne5 Nxe5 16. dxe5 Nd7 17. Rd2 Nf8 18. Rad1 Ng6 19. a3 Rxd2 20. Rxd2 Rd8 21.
Rxd8+ Qxd8 22. h3 Nf4 23. Qe3 Nd3 24. Bd4 c5 25. Qxd3 Qxd4 26. Qxd4 cxd4 27. b4
f6 28. exf6 gxf6 29. Kf1 f5 30. Ke2 Bf6 31. Kd3 Kf7 32. f4 Ke7 33. Ne2 Kd6 34.
Nxd4 a6 35. g4 fxg4 36. hxg4 h6 37. Ke4 Bg7 38. c5+ Kd7 39. a4 Bf8 40. f5 exf5+
41. Nxf5 Ke6 42. Kd4 h5 43. Ne3 h4 44. Nf5 h3 45. Ke4 h2 46. Ng3 Bg7 47. g5 Be5
48. Nh1 Bc7 1/2-1/2

[Event "XXV OOM - Mistrzostwa Polski Juniorow Mlodszych - Chlopcy do lat 12"]
[Site "Sielpia"]
[Date "1899-12-30"]
[Round "7.23"]
[White "Maslanka, Wojciech"]
[Black "Adamala, Jacek"]
[Result "1-0"]
[WhiteTitle "I"]
[BlackTitle "II"]
[WhiteElo "1541"]
[BlackElo "1317"]

1. e4 c5 2. d4 cxd4 3. c3 Nf6 4. e5 Nd5 5. Nf3 Nc6 6. cxd4 d6 7. exd6 Qxd6 8. Nc3
g6 9. Qb3 Nxc3 10. bxc3 Bg7 11. Bc4 O-O 12. O-O Na5 13. Qa4 Nxc4 14. Qxc4 Be6
15. Qd3 Rac8 16. Re1 Qc6 17. Bd2 Rfd8 18. Qe3 Bd5 19. Ne5 Qd6 20. Nd3 e6 21. Reb1
b6 22. a4 Bc4 23. a5 Bxd3 24. Qxd3 e5 25. axb6 axb6 26. Bg5 Rd7 27. Qa6 Qc7 28.
Rxb6 exd4 29. Rc6 f6 30. Rxc7 Rdxc7 31. Qe6+ Kh8 32. Bxf6 dxc3 33. Bxg7+ Kxg7
34. Rc1 c2 35. g3 Rc6 36. Qe5+ Kg8 37. Kg2 Rd8 38. Qb5 Rc3 39. Rxc2 Rxc2 40. Qb3+
Kg7 41. Qxc2 Rf8 42. f4 Rf5 43. Kf3 Rf7 44. Qc3+ Rf6 45. g4 Kf7 46. Qc7+ Kg8 47.
Qd8+ Kg7 48. h4 Rf8 49. Qd4+ Kg8 50. g5 Rf7 51. Kg4 Kf8 52. h5 Kg8 53. Qd8+ Rf8
54. Qd6 Kg7 55. Qe7+ Rf7 56. Qd6 Rf8 57. hxg6 hxg6 58. Kf3 Rf5 59. Ke4 Kf7 60.
Qd5+ Kg7 61. Qxf5 gxf5+ 62. Kxf5 1-0

[Event "XXV OOM - Mistrzostwa Polski Juniorow Mlodszych - Chlopcy do lat 12"]
[Site "Sielpia"]
[Date "1899-12-30"]
[Round "7.24"]
[White "Krol, Jan"]
[Black "Krasniewski, Maciej"]
[Result "1-0"]
[WhiteTitle "II+"]
[BlackTitle "I"]
[WhiteElo "1405"]
[BlackElo "1537"]

1. e4 c5 2. Nf3 Nc6 3. d4 cxd4 4. Nxd4 Nf6 5. Nc3 e5 6. Ndb5 d6 7. a4 a6 8. Na3
Be7 9. Bc4 O-O 10. O-O Be6 11. Bg5 Qc7 12. Bxf6 Bxf6 13. b3 Rad8 14. Nd5 Bxd5
15. Bxd5 Bg5 16. Qe2 Nd4 17. Qd3 Ne6 18. g3 Qe7 19. Nc4 Kh8 20. Ne3 Bxe3 21. Qxe3
Nd4 22. Rac1 f5 23. f4 Rde8 24. c3 Nc6 25. Rce1 exf4 26. Rxf4 h6 27. Ref1 Qe5
28. Bxc6 bxc6 29. Qd4 g5 30. Qxe5+ Rxe5 31. Rxf5 Rfxf5 32. exf5 Kg7 33. Rf3 Kf6
34. g4 d5 35. Kg2 Re2+ 36. Kg3 Re1 37. h3 Rb1 38. b4 Ra1 39. a5 Re1 40. Kf2 Rc1
41. Ke2 Rb1 42. Kd3 Rd1+ 43. Kc2 Re1 44. Kd2 Rh1 45. Ke3 Rd1 46. Ke2 Rh1 47. Re3
Kf7 48. Kd2 Kf8 49. Re6 Rh2+ 50. Kc1 1-0

[Event "XXV OOM - Mistrzostwa Polski Juniorow Mlodszych - Chlopcy do lat 12"]
[Site "Sielpia"]
[Date "1899-12-30"]
[Round "7.25"]
[White "Zalega, Maciej"]
[Black "Paszkowski, Krystian"]
[Result "1/2-1/2"]
[WhiteTitle "II+"]
[BlackTitle "I"]
[WhiteElo "1538"]
[BlackElo "1727"]

1. e4 c5 2. Nf3 e6 3. d4 cxd4 4. Nxd4 a6 5. Bd3 Nf6 6. O-O d6 7. c4 Nc6 8. Nxc6
bxc6 9. Nc3 Be7 10. Qe2 O-O 11. Bd2 Qc7 12. Kh1 Rd8 13. f4 e5 14. f5 Bb7 15. Rae1
h6 16. h3 Rab8 17. b3 Ra8 18. Na4 Re8 19. Be3 c5 20. Bd2 Bc6 21. Nc3 Reb8 22.
Bc2 Qb7 23. g4 Nh7 24. Qf2 Qc7 25. Nd5 Bxd5 26. exd5 Qd8 27. Qg2 Bf6 28. Qe4 Ra7
29. Re2 a5 30. a4 Rba8 31. Rh2 Bh4 32. f6 1/2-1/2

[Event "XXV OOM - Mistrzostwa Polski Juniorow Mlodszych - Chlopcy do lat 12"]
[Site "Sielpia"]
[Date "1899-12-30"]
[Round "7.26"]
[White "Iwaszkiewicz, Grzegorz"]
[Black "Zieba, Hubert"]
[Result "0-1"]
[WhiteTitle "II"]
[BlackTitle "I"]
[WhiteElo "1403"]
[BlackElo "1419"]

1. d4 Nf6 2. Nf3 g6 3. Bf4 Bg7 4. c3 O-O 5. e3 d6 6. Nbd2 Nbd7 7. h3 b6 8. Be2
Bb7 9. O-O c5 10. a4 a6 11. b4 Nd5 12. Qb3 Nxf4 13. exf4 Qc7 14. Rab1 Rab8 15.
Rfc1 a5 16. d5 Rfc8 17. b5 Nf6 18. c4 Re8 19. Nh2 Rbd8 20. Ng4 Nh5 21. g3 e6 22.
Bf3 exd5 23. cxd5 Bd4 24. Nh6+ Kg7 25. Bxh5 Kxh6 26. Bg4 f5 27. Bf3 Kg7 28. Re1
Qf7 29. Re6 Rxe6 30. dxe6 Qe7 31. Re1 Re8 32. Nc4 d5 33. Ne3 Bxe3 34. Qxe3 Qd6
35. Qe2 Re7 36. Qb2+ d4 37. Bxb7 Rxb7 38. Re5 Re7 39. Qb3 Kf6 40. g4 Rxe6 41.
Qg3 Rxe5 42. fxe5+ Qxe5 43. Qh4+ Kg7 44. Qd8 fxg4 45. Qd7+ Kh6 46. hxg4 Qf6 47.
Qc7 Qf3 48. Qh2+ Kg5 49. Qxh7 Qxg4+ 50. Kf1 Qe6 51. f4+ Kxf4 52. Qh2+ Kf5 53.
Qf2+ Kg5 54. Qg2+ Kf6 55. Qa8 d3 56. Qd8+ Ke5 57. Qh8+ Qf6+ 0-1

[Event "XXV OOM - Mistrzostwa Polski Juniorow Mlodszych - Chlopcy do lat 12"]
[Site "Sielpia"]
[Date "1899-12-30"]
[Round "8.1"]
[White "Fiszer, Bartosz"]
[Black "Meers, Hubert"]
[Result "1/2-1/2"]
[WhiteTitle "CM"]
[BlackTitle "I++"]
[WhiteElo "2119"]
[BlackElo "2022"]

1. e4 c5 2. Nf3 d6 3. d4 Nf6 4. Nc3 cxd4 5. Nxd4 a6 6. Bg5 Nbd7 7. Qe2 h6 8. Bh4
b5 9. O-O-O Bb7 10. f4 g5 11. fxg5 hxg5 12. Bxg5 Qa5 13. Nb3 Qc7 14. h4 b4 15.
Bxf6 Nxf6 16. Nd5 Nxd5 17. exd5 Bg7 18. Kb1 Rc8 19. g3 Rh5 20. Bh3 Re5 21. Qf2
Bxd5 22. Bxc8 Bxh1 23. Bxa6 Bd5 24. Bb5+ Kf8 25. Bd3 Bh6 26. Re1 Bxb3 27. Rxe5
Bxa2+ 28. Kxa2 dxe5 29. Kb3 Qd6 30. Qf5 e6 31. Qg4 Bd2 32. Qe2 Bc1 33. Qe1 Qd5+
34. Bc4 Qf3+ 35. Ka2 Be3 36. Qxb4+ Kg7 37. Qe1 Qf2 38. Qe2 Qxe2 39. Bxe2 Bf2 40.
g4 Bxh4 41. Kb3 f5 42. Kc3 e4 43. gxf5 exf5 44. Kd2 f4 45. b4 f3 46. Bxf3 exf3
47. Ke3 f2 48. Ke2 Kf6 49. b5 Ke5 50. b6 Kd6 51. c4 Bg3 52. c5+ Kc6 53. Kf1 Kxc5
54. b7 Kd4 55. b8=Q Bxb8 56. Kxf2 Ke5 1/2-1/2

[Event "XXV OOM - Mistrzostwa Polski Juniorow Mlodszych - Chlopcy do lat 12"]
[Site "Sielpia"]
[Date "1899-12-30"]
[Round "8.2"]
[White "Klimkowski, Jan"]
[Black "Seemann, Jakub"]
[Result "0-1"]
[WhiteTitle "I"]
[BlackTitle "I"]
[WhiteElo "2024"]
[BlackElo "2012"]

1. e4 c5 2. Nf3 d6 3. d4 cxd4 4. Nxd4 Nf6 5. Nc3 a6 6. Be3 e5 7. Nb3 Be6 8. h3
Be7 9. f4 Nc6 10. f5 Bxb3 11. axb3 Nb4 12. Qe2 d5 13. exd5 Nbxd5 14. Bd2 O-O 15.
Nxd5 Nxd5 16. O-O-O Qc7 17. Qc4 Rfd8 18. Qxc7 Nxc7 19. Bc4 b5 20. Bd3 b4 21. Rhe1
Bd6 22. Bg5 f6 23. Bc4+ Kh8 24. Be3 e4 25. Re2 Be5 26. Red2 Rxd2 27. Rxd2 g5 28.
Rd7 Re8 29. h4 h6 30. Bc5 Nb5 31. hxg5 hxg5 32. Bxb4 Nd4 33. Bc3 Nxf5 34. Bf7
Rc8 35. Bxe5 fxe5 36. Bc4 Ne3 37. Re7 Rc5 38. Kd2 Nxg2 39. Bxa6 e3+ 40. Kd1 Ra5
41. Bc4 Nf4 42. c3 Rc5 43. Ba6 Rd5+ 44. Ke1 Ra5 45. Kd1 Rxa6 46. Rxe5 Rd6+ 47.
Kc2 Rd2+ 48. Kc1 Nd3+ 0-1

[Event "XXV OOM - Mistrzostwa Polski Juniorow Mlodszych - Chlopcy do lat 12"]
[Site "Sielpia"]
[Date "1899-12-30"]
[Round "8.3"]
[White "Krawczyk, Flawian"]
[Black "Karwacki, Piotr"]
[Result "1/2-1/2"]
[WhiteTitle "II"]
[BlackTitle "I"]
[WhiteElo "1800"]
[BlackElo "1813"]

1. e4 c5 2. Nf3 d6 3. d4 cxd4 4. Nxd4 Nf6 5. Nc3 a6 6. h3 e5 7. Nb3 b5 8. Bg5 Be6
9. g4 Nbd7 10. Bg2 h6 11. Be3 Nb6 12. Bxb6 Qxb6 13. Nd5 Nxd5 14. exd5 Bd7 15.
c3 Be7 16. Qe2 O-O 17. Nd2 f5 18. gxf5 Rxf5 19. Be4 Rf4 20. f3 Raf8 21. O-O-O
Bg5 22. Kb1 Rh4 23. Bc2 Qe3 24. Qxe3 Bxe3 25. Ne4 Rxf3 26. Nxd6 Rhf4 27. Ne4 Bf5
28. Nd2 Bxd2 29. Bxf5 Rxf5 30. Rxd2 Kf8 31. d6 Ke8 32. Kc2 Kd7 33. Rg1 Rf7 34.
h4 e4 35. Rd4 Rf2+ 36. Kb3 R2f4 37. h5 e3 38. Rxg7 Rxg7 39. Rxf4 Kxd6 40. Re4
Rg5 1/2-1/2

[Event "XXV OOM - Mistrzostwa Polski Juniorow Mlodszych - Chlopcy do lat 12"]
[Site "Sielpia"]
[Date "1899-12-30"]
[Round "8.4"]
[White "Madej, Marek"]
[Black "Herwy, Jakub"]
[Result "1-0"]
[WhiteTitle "I"]
[BlackTitle "I+"]
[WhiteElo "1847"]
[BlackElo "1713"]

1. e4 c5 2. Nf3 e6 3. d4 cxd4 4. Nxd4 a6 5. c4 Nf6 6. Nc3 Qc7 7. a3 b6 8. Be2 Bb7
9. f3 d6 10. Be3 Nbd7 11. O-O Be7 12. Rc1 Rc8 13. Qd2 Qb8 14. Rfd1 h5 15. Nc2
h4 16. Bf4 Ne5 17. Be3 Nxc4 18. Bxc4 Rxc4 19. b3 Rc8 20. Bf4 Nd7 21. Nb4 Nc5 22.
Rb1 Rd8 23. Na4 O-O 24. Bg5 Bxg5 25. Qxg5 h3 26. Nxc5 dxc5 27. Nd3 Rd4 28. Nf2
Qd8 29. Qg3 hxg2 30. Kxg2 Qb8 31. Qg5 f6 32. Qg6 Qe8 33. Qg3 f5 34. Rxd4 cxd4
35. e5 f4 36. Qg4 Rf5 37. Rd1 Qd8 38. h4 Rxe5 39. Nh3 Re3 40. Ng5 e5 41. Qe6+
Kh8 42. Nf7+ Kh7 43. Nxd8 Bxf3+ 44. Kf2 Bxd1 45. Qf5+ Kg8 46. Ne6 Rg3 47. Ng5
Bxb3 48. Qc8# 1-0

[Event "XXV OOM - Mistrzostwa Polski Juniorow Mlodszych - Chlopcy do lat 12"]
[Site "Sielpia"]
[Date "1899-12-30"]
[Round "8.5"]
[White "Trzebinski, Patryk"]
[Black "Starosciak, Szymon"]
[Result "1-0"]
[WhiteTitle "I"]
[BlackTitle "II+"]
[WhiteElo "1793"]
[BlackElo "1661"]

1. e4 c5 2. Nf3 d6 3. d4 cxd4 4. Nxd4 Nf6 5. Nc3 Nc6 6. Be2 e5 7. Nb3 Be7 8. O-O
O-O 9. f4 a5 10. a4 Nb4 11. Bf3 Qc7 12. Be3 b6 13. Rf2 Bb7 14. Rd2 Rfd8 15. Kh1
Rab8 16. Nb5 Qc6 17. Qg1 Ba6 18. c3 Qc4 19. Bxb6 Qxb3 20. Bxd8 Rxd8 21. cxb4 Bxb5
22. axb5 Qxb4 23. Qd1 Qxb5 24. fxe5 Qxe5 25. Qa4 Ra8 26. Qd4 Nd7 27. Qxe5 Nxe5
28. b4 Bf6 29. Rxa5 Rb8 30. Rda2 Kf8 31. Ra8 Rxa8 32. Rxa8+ Ke7 33. Rc8 Nxf3 34.
gxf3 Kd7 35. Rc2 Bd4 36. Kg2 g6 37. Kf1 f5 38. Ke2 fxe4 39. fxe4 g5 40. Kd3 Bb6
41. Kc4 Kc6 42. b5+ Kd7 43. Kd5 g4 44. Rc6 Ba7 45. Rxd6+ Kc7 46. Rh6 1-0

[Event "XXV OOM - Mistrzostwa Polski Juniorow Mlodszych - Chlopcy do lat 12"]
[Site "Sielpia"]
[Date "1899-12-30"]
[Round "8.6"]
[White "Malek, Jan"]
[Black "Kejna, Piotr"]
[Result "0-1"]
[WhiteTitle "II"]
[BlackTitle "CM"]
[WhiteElo "1502"]
[BlackElo "1787"]

1. e4 c5 2. b3 Nc6 3. Bb2 e6 4. Bb5 d5 5. exd5 exd5 6. Nf3 Nf6 7. O-O Be7 8. Ne5
Qc7 9. f4 O-O 10. Re1 Bd6 11. Bd3 d4 12. Nxc6 Qxc6 13. f5 b6 14. Be2 Qc7 15. h3
Bxf5 16. Rf1 Be4 17. d3 Bc6 18. Nd2 Bh2+ 19. Kh1 Bxg2+ 20. Kxg2 Qg3+ 21. Kh1 Qxh3
22. Nf3 Bf4+ 23. Kg1 Be3+ 24. Rf2 Ng4 25. Qf1 Bxf2+ 26. Qxf2 Nxf2 27. Kxf2 Rfe8
28. Rg1 Rxe2+ 29. Kxe2 Re8+ 30. Kf2 Re3 31. Rg3 Re2+ 0-1

[Event "XXV OOM - Mistrzostwa Polski Juniorow Mlodszych - Chlopcy do lat 12"]
[Site "Sielpia"]
[Date "1899-12-30"]
[Round "8.7"]
[White "Wiatrowski, Zbigniew"]
[Black "Musial, Igor"]
[Result "1-0"]
[WhiteTitle "I"]
[BlackTitle "I"]
[WhiteElo "1597"]
[BlackElo "1602"]

1. e4 c5 2. Nf3 d6 3. d4 cxd4 4. Nxd4 Nf6 5. Nc3 Nc6 6. Be2 e5 7. Nf3 Be7 8. Bg5
Be6 9. Bxf6 Bxf6 10. Nd5 Be7 11. O-O O-O 12. c4 Qd7 13. Qd2 Rad8 14. Rad1 f5 15.
exf5 Bxf5 16. b4 Bf6 17. b5 Ne7 18. Qe3 Nxd5 19. cxd5 Qc7 20. Nd2 Rc8 21. Nc4
Be7 22. b6 Qc5 23. bxa7 Qxe3 24. fxe3 g6 25. Nb6 Rc2 26. Bd3 Rxa2 27. Bxf5 gxf5
28. Ra1 Rxa7 29. Rxa7 Bg5 30. Ra3 h6 31. g3 Bd8 32. Nc4 h5 33. Rb3 Be7 34. Rxb7
Rc8 35. Rxe7 Rxc4 36. Rxf5 h4 37. gxh4 Rg4+ 38. Kf2 Rxh4 39. Kg3 Re4 40. Rf3 Ra4
41. Rd7 e4 42. Rf4 Ra3 43. Rxe4 Ra6 44. Re8# 1-0

[Event "XXV OOM - Mistrzostwa Polski Juniorow Mlodszych - Chlopcy do lat 12"]
[Site "Sielpia"]
[Date "1899-12-30"]
[Round "8.8"]
[White "Pancewicz, Szymon"]
[Black "Grot, Blazej"]
[Result "0-1"]
[WhiteTitle "I"]
[BlackTitle "CM"]
[WhiteElo "1605"]
[BlackElo "1604"]

1. e4 c5 2. Nf3 e6 3. d4 cxd4 4. Nxd4 Nf6 5. Nc3 d6 6. Bc4 Be7 7. O-O O-O 8. Bb3
Nc6 9. f4 Bd7 10. Be3 Nxd4 11. Bxd4 Bc6 12. Qe2 b5 13. Rad1 b4 14. e5 bxc3 15.
exf6 Bxf6 16. Bxf6 Qxf6 17. f5 e5 18. bxc3 Rac8 19. Qd2 d5 20. Bxd5 Bxd5 21. Qxd5
Rxc3 22. Rf2 Qb6 23. Qxe5 Rxc2 24. Qd4 Rc1 25. Rff1 Rxd1 26. Rxd1 Rd8 27. Re1
Qxd4+ 28. Kh1 Qe3 29. Rb1 Qe2 30. Rg1 Rd1 0-1

[Event "XXV OOM - Mistrzostwa Polski Juniorow Mlodszych - Chlopcy do lat 12"]
[Site "Sielpia"]
[Date "1899-12-30"]
[Round "8.9"]
[White "Kutowski, Marcel"]
[Black "Janeczko, Jakub"]
[Result "1/2-1/2"]
[WhiteTitle "I"]
[BlackTitle "I"]
[WhiteElo "1604"]
[BlackElo "1544"]

1. e4 c5 2. c3 Nf6 3. e5 Nd5 4. d4 cxd4 5. Nf3 Nc6 6. cxd4 d6 7. Be2 Bg4 8. Nc3
dxe5 9. Nxe5 Bxe2 10. Nxc6 Bxd1 11. Nxd8 Rxd8 12. Kxd1 e6 13. a3 Be7 14. Kc2 O-O
15. Re1 Rd7 16. Be3 Rfd8 17. Rad1 h6 18. Rd2 Rc8 19. Kb3 Rc6 20. Rc2 Kf8 21. Nxd5
Rxc2 22. Kxc2 Rxd5 23. Kd3 Ke8 24. Rc1 Kd7 25. Bf4 Bd8 26. Rc5 Bb6 27. Rxd5+ exd5
28. Bd2 Bc7 29. Ke3 Ke6 30. h3 a6 31. Kf3 Bb6 32. Ke3 h5 33. f3 Bd8 34. Kd3 g6
35. g4 f5 36. Bf4 fxg4 37. fxg4 hxg4 38. hxg4 Kd7 39. b3 Bf6 40. a4 Kc6 41. Bd2
b5 42. Bf4 Bd8 43. Be3 Bc7 44. Bg5 bxa4 45. bxa4 Bb6 46. Be7 Kd7 47. Bg5 Ba5 48.
Bh4 Bb4 49. Ke3 Ke6 50. Bd8 Be1 51. Kd3 Kd7 52. Bg5 Kc6 53. Bd8 Bf2 54. Kc3 Kd7
55. Bg5 Bg3 56. Kd3 1/2-1/2

[Event "XXV OOM - Mistrzostwa Polski Juniorow Mlodszych - Chlopcy do lat 12"]
[Site "Sielpia"]
[Date "1899-12-30"]
[Round "8.10"]
[White "Rog, Bartlomiej"]
[Black "Karp, Kacper"]
[Result "0-1"]
[WhiteTitle "I"]
[BlackTitle "II+"]
[WhiteElo "1491"]
[BlackElo "1571"]

1. e4 c5 2. Nf3 d6 3. d4 cxd4 4. Nxd4 Nf6 5. Nc3 e6 6. g4 h6 7. h4 Nc6 8. Rg1 h5
9. g5 Ng4 10. Rg2 Nge5 11. Be2 g6 12. Be3 Be7 13. Qd2 a6 14. f4 Nd7 15. O-O-O
Qc7 16. f5 Nde5 17. Bf4 Bd7 18. Nxc6 Bxc6 19. fxe6 fxe6 20. Bxe5 dxe5 21. Bc4
Rd8 22. Qe3 Rxd1+ 23. Nxd1 Qc8 24. Rd2 Rf8 25. Qc3 Bxe4 26. Bb5+ Bc6 27. Bd3 Rg8
28. Qxe5 Bd5 29. Nc3 Bf3 30. Rf2 Bg4 31. Rf4 Qc5 32. Qb8+ Bd8 33. Rf1 Rg7 34.
Ne4 Qc7 35. Nf6+ Ke7 36. Qa8 Qb6 37. Re1 Kf7 38. Nd7 Qa5 39. Rf1+ Ke7 40. Qxb7
Kd6 41. Be4 Rxd7 42. Qc6+ Ke7 43. a3 Qc7 44. Qxa6 Qf4+ 45. Kb1 Qxe4 46. Qb5 Rc7
47. Rc1 Bf5 48. Qb3 Qxh4 49. Qe3 Qc4 50. Qe5 Bxc2+ 51. Ka1 Qd5 52. Qf4 Qf5 53.
Qb4+ Ke8 54. Qd6 Qd5 55. Qb6 Qc6 56. Qe3 Qd5 57. Qb6 Rc6 58. Qb7 Bxg5 59. Rg1
Qc5 60. Rxg5 Qd6 61. Rg1 Bf5 62. Qa8+ Kf7 63. Qh8 Ra6 64. Qh7+ Ke8 65. Ka2 Qd5+
66. Ka1 Rxa3+ 67. bxa3 Qd4+ 68. Ka2 Qxg1 69. Qg8+ Kd7 70. Qf7+ Kd6 71. Qf8+ Kd5
72. Qd8+ Ke4 73. Qa8+ Kf4 74. Qb8+ Kf3 75. Qa8+ Be4 76. Qf8+ Kg2 77. Qe7 Bd5+
78. Kb2 Qd4+ 79. Kc2 Qc4+ 80. Kd2 Qa2+ 81. Kd3 Qb3+ 82. Kd2 Qb2+ 83. Kd3 Qb1+
84. Kd2 Kf3 85. Qf6+ Qf5 86. Qc3+ Kg4 87. Qd4+ Qf4+ 88. Qe4 0-1

[Event "XXV OOM - Mistrzostwa Polski Juniorow Mlodszych - Chlopcy do lat 12"]
[Site "Sielpia"]
[Date "1899-12-30"]
[Round "8.11"]
[White "Jaworski, Tymon"]
[Black "Malinowski, Szymon"]
[Result "1-0"]
[WhiteTitle "II+"]
[BlackTitle "I"]
[WhiteElo "1498"]
[BlackElo "1494"]

1. d4 d5 2. Bf4 Bf5 3. Nf3 e6 4. Nbd2 Bd6 5. Bxd6 cxd6 6. c4 dxc4 7. e4 Bg6 8.
Bxc4 Nf6 9. Qe2 O-O 10. O-O d5 11. Bd3 dxe4 12. Nxe4 Nc6 13. Nxf6+ Qxf6 14. Bxg6
hxg6 15. Rfd1 Rfd8 16. Qe4 Rd5 17. Rd2 Rad8 18. Rad1 R8d6 19. h3 Qd8 20. Qf4 Qa5
21. a3 Qa4 22. Ng5 f6 23. Ne4 Rd7 24. Nc5 Rxc5 25. b3 Qxb3 26. dxc5 Qxd1+ 27.
Rxd1 Rxd1+ 28. Kh2 Rd7 29. Qe4 Kf7 30. Qc4 a6 31. Qf4 Ne5 32. Qa4 Nc6 33. Qb3
Ne5 34. f4 Nc6 35. Qb1 Na5 36. Qb4 Nc6 37. Qc3 Rd4 38. Qc2 Rd7 39. Qb2 Na5 40.
h4 Nc6 41. Qe2 Rd5 42. Qe3 Rd7 43. Qb3 Na5 44. Qa4 Nc6 45. Qc2 Rd5 46. Qc4 Rd4
47. Qb3 Rd7 48. h5 gxh5 49. f5 Nd4 50. fxe6+ Nxe6 51. Qf3 g6 52. c6 Nd4 53. Qd3
bxc6 54. Qxa6 g5 55. Qc4+ Kg7 56. a4 Kg6 57. Qg8+ Rg7 58. Qe8+ Rf7 59. Qe4+ Nf5
60. a5 g4 61. a6 Ra7 62. Qe8+ Kg5 63. Qxc6 Re7 64. Qc1+ Kg6 65. Qa1 g3+ 66. Kh1
Ra7 67. Kg1 h4 68. Qa4 Kg5 69. Qa1 Kg6 70. Kf1 Kg5 71. Qc1+ Kg6 72. Qa1 Kg5 73.
Qc1+ Kg6 74. Qc6 Re7 75. Qc1 Ra7 76. Qa1 Kg5 77. Ke2 Re7+ 78. Kf1 Ra7 79. Qa5
Kg6 80. Qb6 Rd7 81. a7 Rd1+ 82. Ke2 Ra1 83. Qb7 Ra2+ 84. Kf3 Ra3+ 85. Kg4 Ra4+
86. Kh3 Kg5 87. a8=Q Rxa8 88. Qxa8 Nh6 89. Qe4 f5 90. Qxh4+ Kg6 91. Kxg3 Ng4 92.
Kf4 Nh6 93. Qg5+ Kh7 94. g3 Nf7 95. Qxf5+ Kh8 96. g4 Nh6 97. Qf6+ Kh7 98. g5 Ng8
99. g6+ Kh6 100. Qh8+ Kxg6 101. Qxg8+ Kh6 102. Kf5 Kh5 103. Qh7# 1-0

[Event "XXV OOM - Mistrzostwa Polski Juniorow Mlodszych - Chlopcy do lat 12"]
[Site "Sielpia"]
[Date "1899-12-30"]
[Round "8.12"]
[White "Bochenek, Ryszard"]
[Black "Dziewonski, Dariusz"]
[Result "1/2-1/2"]
[WhiteTitle "II"]
[BlackTitle "I"]
[WhiteElo "1433"]
[BlackElo "1817"]

1. d4 d5 2. c4 e6 3. Nc3 Nf6 4. e3 Be7 5. Nf3 O-O 6. b3 b6 7. Bb2 Bb7 8. Bd3 c5
9. O-O h6 10. Re1 Nbd7 11. Qe2 Ne4 12. Nd2 Ndf6 13. f3 Nxd2 14. Qxd2 cxd4 15.
exd4 dxc4 16. Bxc4 Bb4 17. a3 Bxc3 18. Bxc3 Nd5 19. Bb2 Qf6 20. Rac1 Rac8 21.
Qe2 Qg6 22. Qe4 Qxe4 23. fxe4 Nf6 24. e5 Nd5 25. b4 Ne7 26. Kf2 Rc7 27. Bd3 Rfc8
28. Rxc7 Rxc7 29. Rc1 Rxc1 30. Bxc1 Kf8 31. b5 Bd5 32. Bd2 1/2-1/2

[Event "XXV OOM - Mistrzostwa Polski Juniorow Mlodszych - Chlopcy do lat 12"]
[Site "Sielpia"]
[Date "1899-12-30"]
[Round "8.13"]
[White "Wydmanski, Szymon"]
[Black "Rylski, Tadeusz"]
[Result "1/2-1/2"]
[WhiteTitle "II"]
[BlackTitle "II+"]
[WhiteElo "1319"]
[BlackElo "1650"]

1. e4 c5 2. Nf3 Nc6 3. d4 cxd4 4. Nxd4 Nf6 5. Nc3 e6 6. Ndb5 Bb4 7. a3 Bxc3+ 8.
Nxc3 d5 9. exd5 exd5 10. Bd3 d4 11. Ne4 Nd5 12. Qh5 Nf6 13. Nxf6+ Qxf6 14. O-O
h6 15. Re1+ Be6 16. Bg5 Qxg5 17. Rxe6+ Kf8 18. Qf3 Re8 19. Rxe8+ Kxe8 20. Re1+
Kf8 21. Qh3 Qd8 22. Qf3 Qf6 23. Qf5 Qxf5 24. Bxf5 f6 25. f4 g5 26. fxg5 hxg5 27.
Re4 Kf7 28. Be6+ Kg6 29. Bc4 Rd8 30. Bd3 Kf7 31. g4 Ne5 1/2-1/2